000 01077nam a2200241Ia 4500
001 945.91-VEN gi mi (19024)
003 IT-MiSPE
008 171229s9999||||xx |||||||||||||| ||und||
040 _aIT-MiSPE
_cIT-MiSPE
041 _aITALIANO
100 _aGian Franco Venè
245 0 _aMille lire al mese
_bVita quotidiana della famiglia nell'Italia fascista
250 _a1a ed. (v)
260 _aMilano
_bMondadori
_c1990
300 _a299 p.
_c20 cm
490 _aBestsellers
_v606
500 _aItalia - Storia, sec. XX; Fascismo - Italia
501 _aEdizioni San Paolo srl - Piazza Soncino, 5 - 20092 CINISELLO BALSAMO (MI) (non commercial uses only) ® Copyright 2018
520 _aTav.
942 _cBK
957 _71
999 _a5430
_bNO
_g Copie: 1
_c357358
_d357358